OFF we go! - Statistics

General Stats
  • This quiz has been taken 14 times
  • The average score is 8 of 15
Answer Stats
Clue Answer % Correct
A bid? Offer
92%
When the server is down Offline
92%
Police/Customs person Officer
85%
Out of tune Off-key
77%
Someone in authority Official
69%
Rude Offensive
62%
A no go area Off-limits
62%
Motorway exit Off-ramp
54%
Criminal or civil Offence
46%
Criminal Offender
46%
Counterbalance, or, contra-action Offset
31%
Remnants Offcuts
23%
When a doctor prescribes medication, for purposes other than the normal purpose Off-label
23%
A composer Offenbach
15%
The near future Offing
0%
No matching quizzes found
Score Distribution
Percent of People with Each Score
Percentile by Number Answered
Your Score History
You have not taken this quiz